000 00408nam a22001697a 4500
005 20160524155144.0
008 160524b xxu||||| |||| 00| 0 eng d
020 _a818218-017-1
041 _aeng
082 _b4721
100 _aVasudeo, Sakshi
_91175
245 _aAccountacy for Managers
260 _aNew Delhi
_bAcademic Faundation
_c2010
300 _a964
650 _aManagement
_9241
942 _cBK
999 _c1593
_d1592